=LDR 00000nam 2200000 4500 =001 INLIS000000000061998 =005 20230308023331 =035 ##$$a 0010-0323000010 =007 ta =008 230308################g##########0#ind## =020 ##$$a 979-523-750-0 =082 ##$$a 658.3 =084 ##$$a 658.3 HEL m =100 3#$$a Heller, Robert =245 1#$$a Managing People /$c Robert Heller =250 ##$$a cet 1 =260 ##$$a Jakarta :$b Dian Rakyat,$c 2006 =300 ##$$a 72 halaman : $b Ilus. ; $c 17 cm =650 #4$$a Manajemen Personalia =990 ##$$a 01230123